mysqli: Table './ulib62015/stat_globaluid' is marked as crashed and should be repaired
select id from stat_globaluid where statuid='20260517173929_1560'
mysqli: Table './ulib62015/stat_globaluid' is marked as crashed and should be repaired
DELETE FROM stat_globaluid
WHERE id NOT IN (
SELECT id
FROM (
SELECT id
FROM stat_globaluid
ORDER BY id DESC
LIMIT 100
) foo
);
mysqli: Table './ulib62015/stat_globaluid' is marked as crashed and should be repaired
insert into stat_globaluid set
statuid='20260517173929_1560',
dt='1779014369',
phpself='/ULIB62015/dublinfull.php',
agent='Mozilla/5.0 AppleWebKit/537.36 (KHTML, like Gecko; compatible; ClaudeBot/1.0; +claudebot@anthropic.com)',
yea='2026',
mon='5',
dat='17',
ip='216.73.216.45'
mysqli: Table './ulib62015/stathist_viewbib_bib_type' is marked as crashed and should be repaired
insert into stathist_viewbib_bib_type set
dat='17' ,
mon='05' ,
yea='2026' ,
statuid='20260517173929_1560' ,
head='27564' ,
foot='marc' ,
dt='1779014369'
| LEADER : 01174nam 2200277 a 4500 |
| 001 27564 |
| 003 ULIB |
| 008 030417s2545 caua sb 001 0 tha |
| 020 ^a9742725209
|
| 060 04 ^aQV760^bช193ค 2545
|
| 100 ^aชยันต์ พิเชียรสุนทร
|
| 245 10 ^aคู่มือเภสัชกรรมแผนไทย^nเล่ม2 :^bเครื่องยาพฤกษวัตถุ /^cชยันต์ พิเชียรสุนทร, วิเชียร จีรวงส์
|
| 246 ^aเครื่องยาพฤกษวัตถุ
|
| 250 ^aพิมพ์ครั้งที่ 1
|
| 260 ^a^aกรุงเทพฯ :^bอมรินทร์,^c2545
|
| 300 ^a257 หน้า :^bภาพประกอบสี;^c21 ซม.
|
| 650 4 ^aเครื่องยา
|
| 650 4 ^aยาสมุนไพร
|
| 650 4 ^aการแพทย์แผนไทย
|
| 700 0 ^aวิเชียร จีรวงส์
|
| 945 ^p390^l0^i004016 |
| 999 ^alib
|
| คุณยังไม่ได้ล็อกอิน คุณสามารถมีกิจกรรมร่วมกับเว็บไซต์ได้ แต่ต้องล็อกอินก่อน :: |
|
|
|
| ลำดับที่ |
ประเภท |
เลขเรียก/บาร์โค้ด |
สถานที่ |
สถานะ |
| 1. |
 หนังสือ | QV760 ช193ค 2545 ล.2 Barcode: 004016 | หนังสือทั่วไป | บนชั้น ขอยืม |
รายการใกล้เคียง
ผู้แต่ง [ชยันต์ พิเชียรสุนทร]
หัวเรื่อง [เครื่องยา] หัวเรื่อง [ยาสมุนไพร] หัวเรื่อง [การแพทย์แผนไทย]
|
|
ยังไม่เคยถูกคอมเมนท์
|
| คอมเมนท์ทรัพยากรรายการนี้ |
|